Catalog

Record Details

Catalog Search



Available copies

  • 1 of 1 copy available at LARL/NWRL Consortium.
  • 1 of 1 copy available at Lake Agassiz Regional Library. (Show preferred library)

Current holds

0 current holds with 1 total copy.

Show Only Available Copies
Location Call Number / Copy Notes Barcode Shelving Location Status Due Date
Moorhead Public Library E 599.6681 GRE (Text) 33500014168975 Main Available -

Record details

  • ISBN: 9781640264793
  • ISBN: 1640264795
  • ISBN: 9781682770177
  • ISBN: 1682770176
  • Physical Description: 16 pages : chiefly color illustrations ; 21 cm.
  • Publisher: Mankato, Minnesota : Creative Education and Creative Paperbacks, [2025]

Content descriptions

Bibliography, etc. Note:
Includes index.
Formatted Contents Note:
I am a calf -- A big baby -- Safe with mom -- Eat ... Read More
Summary, etc.:
"Introduce beginning readers to the exotic world ... Read More
Target Audience Note:
Ages 4-7 Creative Education and Creative ... Read More
Grades K-1 Creative Education and Creative ... Read More
Subject: Rhinoceroses > Juvenile literature.
Rhinoceroses > Infancy > Juvenile literature.
LDR 02328cam a2200517 i 4500
001458344
003LARL_NWRL_CONSORTIUM
00520250314153118.0
008240504s2025 mnua j b 001 0 spa
010 . ‡a 2024019457
040 . ‡aDLC ‡beng ‡erda ‡cDLC
019 . ‡a1492860060
020 . ‡a9781640264793 ‡q(library binding)
020 . ‡a1640264795
020 . ‡a9781682770177 ‡q(paperback)
020 . ‡a1682770176
020 . ‡z9781640005976 ‡q(ebook)
035 . ‡a(OCoLC)1433008730 ‡z(OCoLC)1492860060
0411 . ‡aspa ‡heng
042 . ‡apcc
08200. ‡a599.66/81392 ‡223/eng/20240507
1001 . ‡aGreve, Meg, ‡eauthor.
24010. ‡aBaby rhinoceroses. ‡lSpanish
24510. ‡aRinocerontes bebés / ‡cMeg Greve.
264 1. ‡aMankato, Minnesota : ‡bCreative Education and Creative Paperbacks, ‡c[2025]
300 . ‡a16 pages : ‡bchiefly color illustrations ; ‡c21 cm.
336 . ‡atext ‡btxt ‡2rdacontent
337 . ‡aunmediated ‡bn ‡2rdamedia
338 . ‡avolume ‡bnc ‡2rdacarrier
4900 . ‡aEl principio de los
504 . ‡aIncludes index.
5050 . ‡aI am a calf -- A big baby -- Safe with mom -- Eat up! -- Speak and listen -- Rhino words -- Reading corner.
520 . ‡a"Introduce beginning readers to the exotic world of baby rhinoceroses with this life science starter, in North American Spanish. Includes photos, a labeled animal diagram, "Make a Noise" section, and glossary"-- ‡cProvided by publisher.
5211 . ‡aAges 4-7 ‡bCreative Education and Creative Paperbacks.
5212 . ‡aGrades K-1 ‡bCreative Education and Creative Paperbacks.
650 0. ‡aRhinoceroses ‡vJuvenile literature. ‡0(LARL_NWRL_CONSORTIUM)174682
650 0. ‡aRhinoceroses ‡xInfancy ‡vJuvenile literature.
76508. ‡iTranslation of : ‡aGreve, Meg. ‡tBaby rhinoceroses ‡dMankato, Minnesota : Creative Education and Creative Paperbacks, [2025] ‡z9781640264236 ‡w(DLC) 2024014698
77608. ‡iOnline version: ‡aGreve, Meg. ‡tRinocerontes bebés ‡dMankato, Minnesota : Creative Education and Creative Paperbacks, [2025] ‡z9781640005976 ‡w(DLC) 2024019458
901 . ‡a458344 ‡bAUTOGEN ‡c458344 ‡tbiblio

Additional Resources